00566nam a2200205Ia 4500001000900000003000500009005001700014008004100031010001100072040000900083082001100092100002000103245009900123260002800222300001100250650002000261650003100281650003300312650001500345dia_1450CHAP20230313092428.0220117s1971 xx 000 0 und d a171990 cCHAP a620 K3 aKatz, Donald L. aIngeniería; Conceptos y Perspectivas con Ejemplos y Problemas /c por Donald L. Katz y otros aMéxico. Limusa.c1971 a167 p. a.Ingeniería/  aIngeniería eléctrica/  aIngenieríaxperspectivas/  aMecánica